[Event "MCR_KT04"]
[Site "?"]
[Date "2005.??.??"]
[Round "?"]
[White "Macek, Ludvik"]
[Black "Majstr, Jiri"]
[Result "0-1"]
[WhiteElo "1878"]
[BlackElo "1600"]
[PlyCount "63"]
[EventDate "2005.??.??"]
[EventType "corr"]
[EventRounds "2"]
[SourceDate "2005.03.12"]

1. d4 d5 2. c4 dxc4 3. e4 e6 4. Bxc4 c5 5. Nf3 cxd4 6. Qxd4 Qxd4 7. Nxd4 Nf6 8.
Nc3 Nbd7 9. Ndb5 Kd8 10. Bf4 e5 11. Bg5 a6 12. Na3 b5 13. Naxb5 axb5 14. Bxf7
Bb4 15. Bd5 Rb8 16. O-O h6 17. Bh4 g5 18. Bg3 Bxc3 19. bxc3 Ke7 20. Rab1 Nxd5
21. exd5 Kd6 22. Rfd1 Nc5 23. f3 Bf5 24. Rb2 Rhc8 25. Re2 Nd7 26. Rde1 Re8 27.
Rd1 g4 28. Re3 gxf3 29. gxf3 Rbc8 30. Rd4 Rc4 31. Rxc4 bxc4 32. Re1 0-1

[Event "MCR_KT04"]
[Site "?"]
[Date "2005.??.??"]
[Round "?"]
[White "Macek, Ludvik"]
[Black "Perina, Josef"]
[Result "0-1"]
[WhiteElo "1878"]
[BlackElo "1912"]
[PlyCount "88"]
[EventDate "2005.??.??"]
[EventType "corr"]
[EventRounds "2"]
[SourceDate "2005.03.12"]

1. d4 d5 2. Bf4 Bf5 3. e3 e6 4. Nf3 c5 5. Bxb8 Qa5+ 6. Nc3 Rxb8 7. dxc5 a6 8.
Nd4 Nf6 9. Nb3 Qc7 10. Bd3 Bg4 11. f3 Bh5 12. g4 Bg6 13. Bxg6 hxg6 14. e4 Bxc5
15. exd5 Rxh2 16. Rxh2 Qg3+ 17. Kd2 Qxh2+ 18. Kc1 Be3+ 19. Kb1 Ke7 20. dxe6
fxe6 21. Qe1 Qf4 22. Nd1 Ba7 23. Qe2 Rh8 24. a3 Rh3 25. g5 Qxg5 26. Nd2 Qf4 27.
Qe1 Rh2 28. Nf1 Rg2 29. Nfe3 Rg3 30. Nc4 Nd5 31. Nc3 Rg5 32. Nxd5+ Rxd5 33. Qc3
Kf7 34. Na5 Bd4 35. Qc8 b6 36. Nb3 a5 37. c4 Rd6 38. Nxd4 Qxd4 39. Qc7+ Kf6 40.
Ka2 Qc5 41. Qxc5 bxc5 42. Kb3 Rb6+ 43. Ka4 Rxb2 44. Rf1 Ke5 0-1

[Event "MCR_KT04"]
[Site "?"]
[Date "2005.??.??"]
[Round "?"]
[White "Macek, Ludvik"]
[Black "Svoboda, Josef"]
[Result "1-0"]
[WhiteElo "1878"]
[BlackElo "1782"]
[PlyCount "27"]
[EventDate "2005.??.??"]
[EventType "corr"]
[EventRounds "2"]
[SourceDate "2005.03.12"]

1. d4 Nf6 2. c4 e6 3. Nf3 b6 4. g3 Ba6 5. b3 Bb4+ 6. Bd2 Be7 7. Bg2 c6 8. O-O
d5 9. Ne5 Nbd7 10. Nxc6 Qc8 11. Nxe7 Kxe7 12. Bb4+ Ke8 13. Nc3 Bb7 14. Nb5 1-0

[Event "MCR_KT04"]
[Site "?"]
[Date "2005.??.??"]
[Round "?"]
[White "Macek, Ludvik"]
[Black "Vanc, Vladimir"]
[Result "1/2-1/2"]
[WhiteElo "1878"]
[BlackElo "1834"]
[PlyCount "117"]
[EventDate "2005.??.??"]
[EventType "corr"]
[EventRounds "2"]
[SourceDate "2005.03.12"]

1. d4 Nf6 2. c4 e6 3. Nf3 b6 4. g3 Ba6 5. Qc2 c5 6. Bg2 Nc6 7. dxc5 bxc5 8. O-O
Nb4 9. Qc3 Bb7 10. Rd1 Be7 11. a3 Na6 12. Bf4 O-O 13. Qb3 Qc8 14. Nc3 Nc7 15.
Qa4 Rd8 16. Qa5 Nfe8 17. e4 d5 18. exd5 exd5 19. Re1 Bf8 20. cxd5 Nxd5 21. Nxd5
Bxd5 22. Rac1 Qb7 23. Rcd1 Qb6 24. Qxb6 axb6 25. Rxe8 Rxe8 26. Rxd5 b5 27. Ne5
Rad8 28. Nd7 Re1+ 29. Bf1 Be7 30. Kg2 b4 31. a4 Rb1 32. Rd2 Ra8 33. Bc4 Re1 34.
b3 g5 35. Be3 Kg7 36. Bxc5 Rd8 37. Bb6 Rc8 38. a5 f6 39. Bd8 Rxd8 40. a6 f5 41.
Ra2 Rxd7 42. a7 Rd8 43. a8=Q Rxa8 44. Rxa8 h6 45. Ra7 Kg6 46. Ra6+ Kg7 47. Re6
Rxe6 48. Bxe6 Kf6 49. Bc8 g4 50. h3 gxh3+ 51. Kxh3 Ke5 52. Kg2 f4 53. g4 Kf6
54. Kf3 Kg5 55. Ke4 Bc5 56. f3 Be7 57. Bb7 h5 58. gxh5 Kxh5 59. Kd5 1/2-1/2

[Event "MCR_KT04"]
[Site "?"]
[Date "2005.??.??"]
[Round "?"]
[White "Macek, Ludvik"]
[Black "Vlacil, Vladimir"]
[Result "0-1"]
[WhiteElo "1878"]
[BlackElo "1969"]
[PlyCount "72"]
[EventDate "2005.??.??"]
[EventType "corr"]
[EventRounds "2"]
[SourceDate "2005.03.12"]

1. d4 Nf6 2. c4 g6 3. g3 Bg7 4. Nc3 O-O 5. Bg2 d6 6. Nf3 Nbd7 7. O-O e5 8. Bg5
h6 9. Be3 Ng4 10. Bc1 exd4 11. Nxd4 Nge5 12. b3 Nc5 13. Bf4 Rb8 14. Qd2 Kh7 15.
Rad1 Bd7 16. Ndb5 a6 17. Nxd6 Qe7 18. Nde4 Nxe4 19. Bxe4 c6 20. Bxe5 Bxe5 21.
Qxd7 Qxd7 22. Rxd7 Bxc3 23. Bf3 Kg7 24. Rfd1 Bf6 25. e4 Rfe8 26. h4 Re7 27. h5
Rbe8 28. hxg6 Kxg6 29. R7d6 Kg7 30. Kh2 Re6 31. Rd7 R6e7 32. Kh3 Rxd7 33. Rxd7
Re7 34. Rd6 Re8 35. Bg2 Rd8 36. f4 Rxd6 0-1

[Event "MCR_KT04"]
[Site "?"]
[Date "2005.??.??"]
[Round "?"]
[White "Majstr, Jiri"]
[Black "Macek, Ludvik"]
[Result "1-0"]
[WhiteElo "1600"]
[BlackElo "1878"]
[PlyCount "77"]
[EventDate "2005.??.??"]
[EventType "corr"]
[EventRounds "2"]
[SourceDate "2005.03.12"]

1. e4 c5 2. Nf3 d6 3. d4 cxd4 4. Nxd4 Nf6 5. Nc3 g6 6. Bd3 Bg7 7. O-O O-O 8.
Bg5 Nc6 9. Nxc6 bxc6 10. Qd2 Rb8 11. Rab1 Bd7 12. Rfe1 Qc7 13. a3 e5 14. Ne2 d5
15. exd5 cxd5 16. Nc3 Bc6 17. a4 Qd7 18. Rxe5 Ne4 19. Nxe4 Bxe5 20. Nf6+ Bxf6
21. Bxf6 Qd6 22. Bd4 Rb7 23. Ba6 Rd7 24. Ra1 Re8 25. b4 Rde7 26. Bd3 Qc7 27. b5
Ba8 28. Qb4 Qf4 29. a5 f6 30. b6 axb6 31. Qxb6 Re6 32. Qb4 Bc6 33. a6 Ba4 34.
Qxa4 Ra8 35. a7 Re7 36. c3 Qd6 37. Bb5 Rc7 38. Re1 Rcc8 39. Ba6 1-0

[Event "MCR_KT04"]
[Site "?"]
[Date "2005.??.??"]
[Round "?"]
[White "Majstr, Jiri"]
[Black "Perina, Josef"]
[Result "0-1"]
[WhiteElo "1600"]
[BlackElo "1912"]
[PlyCount "57"]
[EventDate "2005.??.??"]
[EventType "corr"]
[EventRounds "2"]
[SourceDate "2005.03.12"]

1. Nf3 Nc6 2. e4 e5 3. Bc4 Nf6 4. d3 Be7 5. O-O d6 6. Nc3 Bg4 7. Nd5 Nxd5 8.
Bxd5 Nd4 9. Bxb7 Rb8 10. Bd5 Nxf3+ 11. gxf3 Bh3 12. Re1 Bg5 13. f4 Bxf4 14.
Bxf4 exf4 15. Qh5 Qd7 16. Bxf7+ Qxf7 17. Qxh3 O-O 18. b3 f3 19. Qg3 Rbe8 20.
Kh1 Re6 21. Rg1 Kh8 22. Rae1 Rg6 23. Qh3 Rh6 24. Qf5 g6 25. Qxf7 Rxf7 26. Rg3
Rf4 27. h3 g5 28. Kh2 Rh5 29. e5 0-1

[Event "MCR_KT04"]
[Site "?"]
[Date "2005.??.??"]
[Round "?"]
[White "Majstr, Jiri"]
[Black "Svoboda, Josef"]
[Result "0-1"]
[WhiteElo "1600"]
[BlackElo "1782"]
[PlyCount "70"]
[EventDate "2005.??.??"]
[EventType "corr"]
[EventRounds "2"]
[SourceDate "2005.03.12"]

1. c4 Nf6 2. d4 g6 3. Nc3 Bg7 4. Nf3 d5 5. e3 O-O 6. Bd2 e6 7. Bd3 dxc4 8. Bxc4
c6 9. O-O Nbd7 10. a3 b5 11. Bb3 Bb7 12. e4 a6 13. Bg5 Qc7 14. e5 Nd5 15. Nxd5
cxd5 16. Rc1 Qb6 17. Be7 Rfe8 18. Bd6 Bf8 19. Bxf8 Rxf8 20. Qd2 Kg7 21. Rc3 h6
22. Rfc1 Rac8 23. Rxc8 Rxc8 24. Rxc8 Bxc8 25. Bc2 Qd8 26. h4 f5 27. exf6+ Qxf6
28. Qc3 Qd8 29. Qc6 Nb8 30. Qc5 Nd7 31. Qd6 Qe8 32. Qc7 Kf6 33. Ne5 g5 34. Bg6
Qg8 35. h5 Qf8 0-1

[Event "MCR_KT04"]
[Site "?"]
[Date "2005.??.??"]
[Round "?"]
[White "Majstr, Jiri"]
[Black "Vanc, Vladimir"]
[Result "0-1"]
[WhiteElo "1600"]
[BlackElo "1834"]
[PlyCount "62"]
[EventDate "2005.??.??"]
[EventType "corr"]
[EventRounds "2"]
[SourceDate "2005.03.12"]

1. c4 c5 2. Nf3 Nf6 3. Nc3 d5 4. cxd5 Nxd5 5. Nxd5 Qxd5 6. e3 Bd7 7. Be2 Bc6 8.
b3 f6 9. Bc4 Qh5 10. O-O Nd7 11. d4 Bxf3 12. Qxf3 Qxf3 13. gxf3 e5 14. dxc5
Bxc5 15. Bd5 Rb8 16. Rd1 Ke7 17. Bb2 Rhd8 18. Rac1 Bd6 19. h3 g6 20. a3 Nb6 21.
Be4 Rd7 22. a4 Rbd8 23. a5 Bb4 24. Rxd7+ Nxd7 25. Rc7 Rb8 26. Rxb7 Rxb7 27.
Bxb7 Nc5 28. a6 Nxb3 29. Bd5 Nc5 30. Bc4 Na4 31. Bc1 Nb6 {kontumace rozhodci}
0-1

[Event "MCR_KT04"]
[Site "?"]
[Date "2005.??.??"]
[Round "?"]
[White "Majstr, Jiri"]
[Black "Vlacil, Vladimir"]
[Result "0-1"]
[WhiteElo "1600"]
[BlackElo "1969"]
[PlyCount "65"]
[EventDate "2005.??.??"]
[EventType "corr"]
[EventRounds "2"]
[SourceDate "2005.03.12"]

1. d4 Nf6 2. c4 g6 3. Nc3 Bg7 4. Nf3 d6 5. e4 O-O 6. Be2 e5 7. d5 a5 8. O-O Na6
9. Be3 Ng4 10. Bg5 f6 11. Bd2 f5 12. exf5 gxf5 13. Bg5 Qe8 14. h3 Nf6 15. Qd2
Bd7 16. Rfc1 Nc5 17. b3 Nfe4 18. Nxe4 Nxe4 19. Qd1 Nxg5 20. Nxg5 e4 21. Rab1 h6
22. Bh5 Qe7 23. Ne6 Bxe6 24. dxe6 Qxe6 25. Qd5 Qxd5 26. cxd5 Rac8 27. b4 a4 28.
b5 a3 29. Rb3 Kh8 30. Rc2 Bb2 31. Rg3 Kh7 32. Bg6+ Kh8 33. Bh5 0-1

[Event "MCR_KT04"]
[Site "?"]
[Date "2005.??.??"]
[Round "?"]
[White "Perina, Josef"]
[Black "Macek, Ludvik"]
[Result "1-0"]
[WhiteElo "1912"]
[BlackElo "1878"]
[PlyCount "72"]
[EventDate "2005.??.??"]
[EventType "corr"]
[EventRounds "2"]
[SourceDate "2005.03.12"]

1. e4 c5 2. c3 d5 3. exd5 Qxd5 4. d4 e6 5. Nf3 Nc6 6. Na3 Qd8 7. Bf4 Nf6 8. Bc4
Nh5 9. Be3 cxd4 10. Nxd4 Bxa3 11. bxa3 Nxd4 12. Bxd4 Nf6 13. Qa4+ Bd7 14. Qb4
Qc7 15. O-O a5 16. Qb3 Rc8 17. Bb5 O-O 18. Bxf6 Bxb5 19. Qxb5 gxf6 20. Rae1 Qc5
21. Qxb7 Qxa3 22. Qf3 Qxc3 23. Re3 Qc5 24. Qxf6 Rfe8 25. Rg3+ Kf8 26. Rg7 Qe7
27. Qh6 Red8 28. Qxh7 Qf6 29. Rg3 Ke7 30. Rf3 Qg6 31. Qh4+ f6 32. Rg3 Qf7 33.
Qh6 Rg8 34. Rxg8 Qxg8 35. Qh3 Qd8 36. Qh7+ Kf8 1-0

[Event "MCR_KT04"]
[Site "?"]
[Date "2005.??.??"]
[Round "?"]
[White "Perina, Josef"]
[Black "Majstr, Jiri"]
[Result "1-0"]
[WhiteElo "1912"]
[BlackElo "1600"]
[PlyCount "59"]
[EventDate "2005.??.??"]
[EventType "corr"]
[EventRounds "2"]
[SourceDate "2005.03.12"]

1. e4 e6 2. d4 d5 3. Nc3 dxe4 4. Nxe4 Nd7 5. Nf3 Ngf6 6. Nxf6+ Nxf6 7. Bd3 Be7
8. Ne5 O-O 9. O-O Bd6 10. Bg5 h6 11. Bh4 c5 12. c3 cxd4 13. cxd4 Be7 14. Rc1
Qb6 15. Nc4 Qb5 16. Qe2 Rd8 17. Rfd1 Qb4 18. a3 Qb5 19. d5 Qxd5 20. Bh7+ Kxh7
21. Rxd5 Rxd5 22. Ne3 Rd7 23. Rc4 Kg8 24. Qc2 Rd8 25. Ng4 Nd5 26. Bxe7 Nxe7 27.
Ne3 Bd7 28. Rc7 Rac8 29. Qc5 Re8 30. h3 1-0

[Event "MCR_KT04"]
[Site "?"]
[Date "2005.??.??"]
[Round "?"]
[White "Perina, Josef"]
[Black "Svoboda, Josef"]
[Result "0-1"]
[WhiteElo "1912"]
[BlackElo "1782"]
[PlyCount "38"]
[EventDate "2005.??.??"]
[EventType "corr"]
[EventRounds "2"]
[SourceDate "2005.03.12"]

1. e4 e5 2. Nf3 Nc6 3. d4 exd4 4. Bc4 Bc5 5. c3 Nf6 6. cxd4 Bb4+ 7. Bd2 Bxd2+
8. Nbxd2 d5 9. exd5 Nxd5 10. Qb3 Na5 11. Qa4+ Nc6 12. Qb5 Nf6 13. Ne5 O-O 14.
Nxc6 bxc6 15. Qxc6 Re8+ 16. Be2 Qe7 17. Qc4 a5 18. Qd3 Ba6 19. Nc4 Nd5 0-1

[Event "MCR_KT04"]
[Site "?"]
[Date "2005.??.??"]
[Round "?"]
[White "Perina, Josef"]
[Black "Vanc, Vladimir"]
[Result "0-1"]
[WhiteElo "1912"]
[BlackElo "1834"]
[PlyCount "58"]
[EventDate "2005.??.??"]
[EventType "corr"]
[EventRounds "2"]
[SourceDate "2005.03.12"]

1. e4 c5 2. c3 d5 3. exd5 Qxd5 4. d4 Nf6 5. Nf3 Bg4 6. Be2 e6 7. h3 Bh5 8. O-O
Nc6 9. Bd3 Bxf3 10. gxf3 cxd4 11. Bf4 Rd8 12. c4 Qd7 13. Kh2 Nh5 14. Bg3 Bd6
15. Nd2 Bf4 16. Re1 O-O 17. a3 e5 18. Qc2 f5 19. c5 Bxd2 20. Qxd2 Qe7 21. f4
Nxg3 22. fxg3 Qxc5 23. Rac1 Qd6 24. Rxc6 bxc6 25. Rxe5 g6 26. Bc4+ Kh8 27. Re6
Qd7 28. Qe1 d3 29. Qc3+ Qd4 0-1

[Event "MCR_KT04"]
[Site "?"]
[Date "2005.??.??"]
[Round "?"]
[White "Perina, Josef"]
[Black "Vlacil, Vladimir"]
[Result "1/2-1/2"]
[WhiteElo "1912"]
[BlackElo "1969"]
[PlyCount "110"]
[EventDate "2005.??.??"]
[EventType "corr"]
[EventRounds "2"]
[SourceDate "2005.03.12"]

1. e4 c5 2. c3 d5 3. exd5 Qxd5 4. d4 Nf6 5. Nf3 e6 6. Bd3 Be7 7. O-O O-O 8. c4
Qh5 9. Nc3 Rd8 10. dxc5 Na6 11. Qe2 Nxc5 12. Bc2 b6 13. Bf4 Bb7 14. Rad1 Qg4
15. Bc7 Rd7 16. Rxd7 Ncxd7 17. b3 e5 18. Rd1 Rc8 19. Bd6 Bxd6 20. Rxd6 Nc5 21.
h3 Qf4 22. Qxe5 Qc1+ 23. Bd1 Bxf3 24. gxf3 Re8 25. Qd4 Qg5+ 26. Kf1 Qh6 27. Rd8
Qxh3+ 28. Kg1 Qe6 29. Bc2 Qe1+ 30. Kg2 Ne6 31. Rxe8+ Nxe8 32. Qe3 Qxe3 33. fxe3
N8c7 34. f4 h6 35. b4 Kf8 36. Kg3 Ke7 37. Kg4 Nd8 38. Ba4 Nb7 39. Bc6 Nd8 40.
Be4 Nde6 41. Bf3 g6 42. Ne2 f5+ 43. Kg3 a5 44. c5 bxc5 45. bxa5 Nb5 46. a4 Na7
47. Nc3 Nc7 48. e4 fxe4 49. Bxe4 Kf6 50. Bg2 Ke7 51. Bf1 Nc8 52. Bd3 g5 53.
fxg5 hxg5 54. Nb5 Na6 55. Kg4 Nb4 1/2-1/2

[Event "MCR_KT04"]
[Site "?"]
[Date "2005.??.??"]
[Round "?"]
[White "Svoboda, Josef"]
[Black "Macek, Ludvik"]
[Result "0-1"]
[WhiteElo "1782"]
[BlackElo "1878"]
[PlyCount "116"]
[EventDate "2005.??.??"]
[EventType "corr"]
[EventRounds "2"]
[SourceDate "2005.03.12"]

1. e4 c5 2. Nf3 d6 3. d4 cxd4 4. Nxd4 Nf6 5. Nc3 g6 6. Be3 Bg7 7. f3 O-O 8. Qd2
Nc6 9. Bc4 Bd7 10. O-O-O Rc8 11. Bb3 Na5 12. g4 a6 13. Bh6 Bxh6 14. Qxh6 e5 15.
Nde2 Nxb3+ 16. cxb3 b5 17. Kb1 b4 18. Nd5 Nxd5 19. Rxd5 Qf6 20. Qe3 Bb5 21. g5
Qe6 22. Rhd1 Rc6 23. Qd2 Rfc8 24. Rc1 Rxc1+ 25. Nxc1 Qh3 26. Qf2 Rc6 27. a4
bxa3 28. bxa3 Qc8 29. Qd2 Qb8 30. Ka2 Qc7 31. Kb2 Rc5 32. Rxc5 Qxc5 33. a4 Be8
34. Na2 a5 35. Nc3 Bc6 36. h4 Qb4 37. Qd3 Kf8 38. Nb1 Bxa4 39. Ka2 Bd7 40. Nc3
Qb6 41. Qd2 a4 42. Nxa4 Qa6 43. Ka3 Ke7 44. Qd1 Qa5 45. Qd3 Qe1 46. Nb6 Qa5+
47. Na4 Qa7 48. Qf1 Qe3 49. Kb2 Be6 50. Qd1 Qf2+ 51. Qc2 Qxc2+ 52. Kxc2 d5 53.
Nc5 d4 54. Nd3 Kd6 55. Kb2 Bd7 56. Kc2 Bb5 57. b4 Bc4 58. Kd1 Bxd3 0-1

[Event "MCR_KT04"]
[Site "?"]
[Date "2005.??.??"]
[Round "?"]
[White "Svoboda, Josef"]
[Black "Majstr, Jiri"]
[Result "1-0"]
[WhiteElo "1782"]
[BlackElo "1600"]
[PlyCount "77"]
[EventDate "2005.??.??"]
[EventType "corr"]
[EventRounds "2"]
[SourceDate "2005.03.12"]

1. e4 e5 2. Nf3 Nf6 3. Nxe5 d6 4. Nf3 Nxe4 5. d4 d5 6. Bd3 Bd6 7. O-O O-O 8. c4
c6 9. cxd5 cxd5 10. Nc3 Nxc3 11. bxc3 Nc6 12. Rb1 b6 13. Ng5 h6 14. Qh5 f5 15.
Nh3 Be6 16. Bxh6 Qf6 17. Bd2 g6 18. Qe2 Bf7 19. f4 Rfe8 20. Qf3 Na5 21. Ng5 Nc4
22. Bc1 Rac8 23. Qh3 Qg7 24. Qf3 Be7 25. Qg3 Nd6 26. Bd2 Bxg5 27. Qxg5 Ne4 28.
Bxe4 dxe4 29. Rb2 e3 30. Be1 Bc4 31. Rf3 Rc6 32. h4 Qe7 33. Qxe7 Rxe7 34. g4
fxg4 35. Rg3 Rf6 36. Rxg4 Re4 37. Rbg2 Kf7 38. Bg3 e2 39. Be1 1-0

[Event "MCR_KT04"]
[Site "?"]
[Date "2005.??.??"]
[Round "?"]
[White "Svoboda, Josef"]
[Black "Perina, Josef"]
[Result "1-0"]
[WhiteElo "1782"]
[BlackElo "1912"]
[PlyCount "51"]
[EventDate "2005.??.??"]
[EventType "corr"]
[EventRounds "2"]
[SourceDate "2005.03.12"]

1. d4 d5 2. c4 Nc6 3. Nf3 Bg4 4. cxd5 Bxf3 5. dxc6 Bxc6 6. Nc3 e6 7. e4 Bb4 8.
f3 Qh4+ 9. g3 Qf6 10. Be2 O-O-O 11. e5 Qe7 12. O-O Bc5 13. Be3 f6 14. f4 g5 15.
Na4 gxf4 16. Nxc5 fxe3 17. Nxe6 Re8 18. Rc1 Qd7 19. d5 Nh6 20. Rxf6 Ng8 21. Rf1
Kb8 22. dxc6 Qxe6 23. Bh5 e2 24. Qxe2 Rd8 25. Bg4 Qh6 26. Qb5 1-0

[Event "MCR_KT04"]
[Site "?"]
[Date "2005.??.??"]
[Round "?"]
[White "Svoboda, Josef"]
[Black "Vanc, Vladimir"]
[Result "0-1"]
[WhiteElo "1782"]
[BlackElo "1834"]
[PlyCount "66"]
[EventDate "2005.??.??"]
[EventType "corr"]
[EventRounds "2"]
[SourceDate "2005.03.12"]

1. d4 Nf6 2. c4 e6 3. Nc3 Bb4 4. e3 c5 5. Bd3 O-O 6. Nf3 d5 7. O-O dxc4 8. Bxc4
Nc6 9. a3 Bxc3 10. bxc3 Qc7 11. Bb2 Rd8 12. Qe2 Na5 13. Ne5 b6 14. Ba2 Bb7 15.
Rac1 Rac8 16. c4 Nd7 17. Nd3 Qd6 18. Rfd1 Qe7 19. Qg4 Qf8 20. Nf4 Nf6 21. Qh4
cxd4 22. exd4 Nd7 23. Bb1 g6 24. Ba2 Qg7 25. Ba1 g5 26. Qh3 gxf4 27. f3 Qg5 28.
Kf2 Ba6 29. Rg1 Nxc4 30. g3 Kh8 31. d5+ f6 32. Bb1 fxg3+ 33. hxg3 Qd2+ 0-1

[Event "MCR_KT04"]
[Site "?"]
[Date "2005.??.??"]
[Round "?"]
[White "Svoboda, Josef"]
[Black "Vlacil, Vladimir"]
[Result "0-1"]
[WhiteElo "1782"]
[BlackElo "1969"]
[PlyCount "78"]
[EventDate "2005.??.??"]
[EventType "corr"]
[EventRounds "2"]
[SourceDate "2005.03.12"]

1. d4 Nf6 2. c4 g6 3. Nc3 Bg7 4. e4 d6 5. f3 O-O 6. Be3 e5 7. d5 c6 8. Bd3 cxd5
9. cxd5 Nh5 10. Nge2 f5 11. exf5 gxf5 12. O-O Nd7 13. Rc1 Nc5 14. Bb1 a5 15. f4
e4 16. Nd4 Nf6 17. h3 Bd7 18. g4 fxg4 19. f5 gxh3 20. Ne6 Bxe6 21. fxe6 Qe8 22.
Kh2 Nd3 23. Bxd3 exd3 24. Rg1 Qh5 25. Bd4 Qh6 26. Qxd3 Qf4+ 27. Kxh3 Qh6+ 28.
Kg2 Nh5 29. Be3 Nf4+ 30. Bxf4 Rxf4 31. Qg3 Rh4 32. Rcf1 Kh8 33. Rf5 Bd4 34. Rg5
Rh2+ 35. Qxh2 Qxg5+ 36. Kh1 Bxg1 37. Qxg1 Qf6 38. Nb5 Qf3+ 39. Qg2 Qh5+ 0-1

[Event "MCR_KT04"]
[Site "?"]
[Date "2005.??.??"]
[Round "?"]
[White "Vanc, Vladimir"]
[Black "Macek, Ludvik"]
[Result "1-0"]
[WhiteElo "1834"]
[BlackElo "1878"]
[PlyCount "70"]
[EventDate "2005.??.??"]
[EventType "corr"]
[EventRounds "2"]
[SourceDate "2005.03.12"]

1. f4 d5 2. Nf3 Nf6 3. e3 g6 4. b3 Bg7 5. Bb2 O-O 6. Be2 Na6 7. O-O Bf5 8. Bxa6
bxa6 9. Qc1 Qd6 10. Be5 Qb6 11. Nc3 c6 12. Na4 Qb7 13. d3 Qb4 14. Nd4 Bd7 15.
c3 Qa5 16. Qa3 Qd8 17. Nc5 Be8 18. Nb7 Qd7 19. Qxa6 Qc8 20. Nc5 Bh6 21. h3 Qxa6
22. Nxa6 Rc8 23. Bxf6 exf6 24. Nc5 f5 25. Nf3 Bg7 26. d4 Rc7 27. Rac1 Re7 28.
Kf2 f6 29. c4 Bf7 30. Rc3 dxc4 31. bxc4 Rb8 32. Rb3 Ree8 33. Rc1 g5 34. Rc2 h6
35. g3 a5 1-0

[Event "MCR_KT04"]
[Site "?"]
[Date "2005.??.??"]
[Round "?"]
[White "Vanc, Vladimir"]
[Black "Majstr, Jiri"]
[Result "1-0"]
[WhiteElo "1834"]
[BlackElo "1600"]
[PlyCount "40"]
[EventDate "2005.??.??"]
[EventType "corr"]
[EventRounds "2"]
[SourceDate "2005.03.12"]

1. f4 d5 2. Nf3 e6 3. e3 Be7 4. Be2 Nf6 5. b3 c5 6. Bb2 Nc6 7. O-O O-O 8. Ne5
Bd7 9. d3 d4 10. Nxd7 Qxd7 11. e4 e5 12. f5 Qc7 13. Kh1 Nd7 14. Bc1 a5 15. a4
Qd8 16. Nd2 Bg5 17. Nc4 Bxc1 18. Qxc1 Qf6 19. Bf3 Nb4 20. Qd2 Nb6 {
kontumace rozhodci} 1-0

[Event "MCR_KT04"]
[Site "?"]
[Date "2005.??.??"]
[Round "?"]
[White "Vanc, Vladimir"]
[Black "Perina, Josef"]
[Result "0-1"]
[WhiteElo "1834"]
[BlackElo "1912"]
[PlyCount "70"]
[EventDate "2005.??.??"]
[EventType "corr"]
[EventRounds "2"]
[SourceDate "2005.03.12"]

1. f4 e5 2. fxe5 d6 3. Nf3 dxe5 4. e4 Bc5 5. Nc3 Bg4 6. Be2 Nc6 7. Na4 Be7 8.
d3 Bxf3 9. Bxf3 Nd4 10. O-O Nf6 11. Kh1 Qd7 12. Nc3 c6 13. Bd2 h5 14. Bg5 Ng4
15. Bxe7 Ne3 16. Qd2 Nxf1 17. Rxf1 Nxf3 18. Rxf3 Qxe7 19. Qe3 Rh6 20. Qf2 Rf6
21. h3 Rxf3 22. Qxf3 Qg5 23. Kh2 Qf4+ 24. Qxf4 exf4 25. h4 f6 26. Ne2 g5 27.
Nd4 Rd8 28. Ne6 Rd6 29. Ng7+ Kf7 30. Nxh5 Kg6 31. g4 c5 32. Kg2 c4 33. dxc4
Rd2+ 34. Kf3 Rxc2 35. hxg5 fxg5 0-1

[Event "MCR_KT04"]
[Site "?"]
[Date "2005.??.??"]
[Round "?"]
[White "Vanc, Vladimir"]
[Black "Svoboda, Josef"]
[Result "1/2-1/2"]
[WhiteElo "1834"]
[BlackElo "1782"]
[PlyCount "79"]
[EventDate "2005.??.??"]
[EventType "corr"]
[EventRounds "2"]
[SourceDate "2005.03.12"]

1. f4 d5 2. Nf3 Nf6 3. e3 g6 4. b3 Bg7 5. Bb2 O-O 6. Be2 c5 7. O-O Nc6 8. Ne5
Nxe5 9. Bxe5 e6 10. d4 Qb6 11. dxc5 Qxc5 12. Bd4 Qe7 13. Nd2 b6 14. Qc1 Bb7 15.
Qb2 Ne8 16. Nf3 Bxd4 17. Qxd4 f6 18. c4 Ba6 19. Rfe1 dxc4 20. Bxc4 Bxc4 21.
Qxc4 Nd6 22. Qe2 Ne4 23. Rac1 Rac8 24. Nd4 Nc3 25. Qd3 Nd5 26. f5 Nb4 27. Qe2
gxf5 28. a3 Nd5 29. Qd2 Qd7 30. Red1 Rxc1 31. Rxc1 Rc8 32. Rxc8+ Qxc8 33. Nxf5
Qc5 34. b4 Qc3 35. Ne7+ Kf7 36. Qxc3 Nxc3 37. Nc6 a6 38. g4 e5 39. Kf2 Ke6 40.
h4 1/2-1/2

[Event "MCR_KT04"]
[Site "?"]
[Date "2005.??.??"]
[Round "?"]
[White "Vanc, Vladimir"]
[Black "Vlacil, Vladimir"]
[Result "1-0"]
[WhiteElo "1834"]
[BlackElo "1969"]
[PlyCount "111"]
[EventDate "2005.??.??"]
[EventType "corr"]
[EventRounds "2"]
[SourceDate "2005.03.12"]

1. f4 Nf6 2. Nf3 g6 3. b3 Bg7 4. Bb2 d5 5. e3 O-O 6. Be2 c5 7. c4 d4 8. exd4
Nh5 9. g3 cxd4 10. d3 Nc6 11. Na3 Re8 12. O-O Bg4 13. Nc2 Qb6 14. Ne5 Bxe2 15.
Qxe2 Rad8 16. Nxc6 bxc6 17. b4 e5 18. fxe5 Bxe5 19. Qf2 f5 20. Rfe1 c5 21. Ba3
cxb4 22. Nxb4 Nf6 23. Qf3 Re6 24. Nc6 Rde8 25. Nxe5 Rxe5 26. Rxe5 Rxe5 27. Qa8+
Re8 28. Qf3 Re3 29. Qa8+ Re8 30. Qg2 h6 31. Bb2 Rb8 32. Bc1 Qb4 33. Bf4 Qc3 34.
Rd1 Re8 35. Bxh6 Ng4 36. Bf4 Ne3 37. Qc6 Kf7 38. Rb1 Qxd3 39. Rb7+ Re7 40.
Rxe7+ Kxe7 41. Bg5+ Kf7 42. Qf6+ Kg8 43. Qd8+ Kf7 44. Qc7+ Kg8 45. Qb8+ Kf7 46.
Qxa7+ Kg8 47. Qb8+ Kf7 48. Qc7+ Kg8 49. Qd8+ Kh7 50. Qd7+ Kg8 51. Qe6+ Kg7 52.
Qf6+ Kg8 53. Qxg6+ Kf8 54. Qf6+ Kg8 55. Qe6+ Kg7 56. Bf6+ 1-0

[Event "MCR_KT04"]
[Site "?"]
[Date "2005.??.??"]
[Round "?"]
[White "Vlacil, Vladimir"]
[Black "Macek, Ludvik"]
[Result "1-0"]
[WhiteElo "1969"]
[BlackElo "1878"]
[PlyCount "61"]
[EventDate "2005.??.??"]
[EventType "corr"]
[EventRounds "2"]
[SourceDate "2005.03.12"]

1. e4 c5 2. c3 d5 3. exd5 Qxd5 4. d4 Nc6 5. Nf3 Bg4 6. Be2 cxd4 7. cxd4 Rd8 8.
Nc3 Qa5 9. O-O e6 10. Be3 Nf6 11. Qb3 Qb4 12. Qc2 Qa5 13. Rfd1 Bd6 14. a3 O-O
15. Rac1 Rc8 16. Qb3 b6 17. Nb5 Be7 18. Bd2 Qa6 19. Nd6 Qxe2 20. Nxc8 Bxf3 21.
Qxf3 Qxf3 22. Nxe7+ Nxe7 23. gxf3 Ned5 24. Rc6 Rd8 25. Bg5 h6 26. Bxf6 Nxf6 27.
Rc7 a5 28. Rb7 Nd5 29. Rc1 Nc7 30. Rcxc7 Rxd4 31. Rxf7 1-0

[Event "MCR_KT04"]
[Site "?"]
[Date "2005.??.??"]
[Round "?"]
[White "Vlacil, Vladimir"]
[Black "Majstr, Jiri"]
[Result "1-0"]
[WhiteElo "1969"]
[BlackElo "1600"]
[PlyCount "59"]
[EventDate "2005.??.??"]
[EventType "corr"]
[EventRounds "2"]
[SourceDate "2005.03.12"]

1. e4 e5 2. Nf3 Nc6 3. Bb5 a6 4. Ba4 Nf6 5. O-O Be7 6. Re1 b5 7. Bb3 O-O 8. a4
Bb7 9. d3 Bc5 10. Bg5 h6 11. Bh4 Be7 12. Bg3 d6 13. Nh4 Nd4 14. Nf3 Nxb3 15.
cxb3 c5 16. Na3 Nh5 17. Nc2 Nxg3 18. hxg3 Qd7 19. Ne3 Rfc8 20. a5 Qe6 21. Qc2
Rab8 22. Kh1 g6 23. g4 Bf8 24. g5 hxg5 25. Nxg5 Qf6 26. Nf3 Qf4 27. Nf1 Rc7 28.
Qd2 Qxd2 29. N1xd2 Bh6 30. Re2 1-0

[Event "MCR_KT04"]
[Site "?"]
[Date "2005.??.??"]
[Round "?"]
[White "Vlacil, Vladimir"]
[Black "Perina, Josef"]
[Result "1-0"]
[WhiteElo "1969"]
[BlackElo "1912"]
[PlyCount "25"]
[EventDate "2005.??.??"]
[EventType "corr"]
[EventRounds "2"]
[SourceDate "2005.03.12"]

1. e4 e5 2. Nf3 Nc6 3. Bb5 Bc5 4. O-O Nf6 5. c3 O-O 6. d4 Bb6 7. a4 a5 8. Bg5
h6 9. Bh4 d6 10. Re1 Bg4 11. Bxc6 bxc6 12. dxe5 Nh5 13. Bxd8 1-0